Normal view
MARC view
Entry Topical Term
001 - CONTROL NUMBER
- control field: 17081
003 - CONTROL NUMBER IDENTIFIER
- control field: dpl
005 - DATE AND TIME OF LATEST TRANSACTION
- control field: 20100826111013.0
008 - FIXED-LENGTH DATA ELEMENTS
- fixed length control field: 100826|||a|||||| | ||| d
040 ## - CATALOGING SOURCE
- Original cataloging agency: dpl
- Transcribing agency: dpl
150 ## - HEADING--TOPICAL TERM
- Topical term or geographic name as entry element: Buffet warren
670 ## - SOURCE DATA FOUND
- Source citation: Work cat.: (dpl)42928: Rittenhouse, L.J. 17079, Buffett's bites :, 2010
670 ## - SOURCE DATA FOUND
- Source citation: Work cat.: (dpl)42928: Rittenhouse, L.J. 17079, Buffett's bites :, 2010
